Library Catalog

Foreign devils on the silk road : (Record no. 492288)

MARC details
000 -LEADER
fixed length control field 01003nam a22002177a 4500
003 - CONTROL NUMBER IDENTIFIER
control field OSt
005 - DATE AND TIME OF LATEST TRANSACTION
control field 20260421080004.0
008 - FIXED-LENGTH DATA ELEMENTS--GENERAL INFORMATION
fixed length control field 260421b |||||||| |||| 00| 0 eng d
020 ## - INTERNATIONAL STANDARD BOOK NUMBER
International Standard Book Number 9780719564482
040 ## - CATALOGING SOURCE
Original cataloging agency Kenya National Library Service
082 ## - DEWEY DECIMAL CLASSIFICATION NUMBER
Classification number 951.6 HOP
100 ## - MAIN ENTRY--PERSONAL NAME
Personal name Hopkirk, Peter
Relator term author
245 ## - TITLE STATEMENT
Title Foreign devils on the silk road :
Remainder of title the search for the lost treasures of central Asia /
Statement of responsibility, etc. Peter Hopkirk
300 ## - PHYSICAL DESCRIPTION
Extent x, 252 pages :
Other physical details illustrations, maps ;
Dimensions 20 cm
504 ## - BIBLIOGRAPHY, ETC. NOTE
Bibliography, etc. note Includes bibliographical references and Index
520 ## - SUMMARY, ETC.
Summary, etc. The Silk Road, which linked imperial Rome and distant China, was once the greatest thoroughfare on earth. Along it travelled precious cargoes of silk, gold, and ivory, as well as revolutionary new ideas. It s oasis towns blossomed into thriving centres of Buddhist art and learning.
650 ## - SUBJECT ADDED ENTRY--TOPICAL TERM
Topical term or geographic name entry element History of Asia and
Form subdivision China and adjacent areas
942 ## - ADDED ENTRY ELEMENTS (KOHA)
Source of classification or shelving scheme Dewey Decimal Classification
Koha item type Books
Suppress in OPAC No
Holdings
Withdrawn status Source of classification or shelving scheme Damaged status Not for loan Home library Current library Date acquired Source of acquisition Cost, normal purchase price Total checkouts Full call number Barcode Date last seen Price effective from Koha item type
  Dewey Decimal Classification     Information Access Acquisition, Cataloguing, Classification and Distribution Development 04/21/2026 donation 1374.00   951.6 HOP B237801 04/21/2026 04/21/2026 Books
  Dewey Decimal Classification     Nakuru Library Acquisition, Cataloguing, Classification and Distribution Development 04/21/2026 donation 1374.00   951.6 HOP B237594 04/21/2026 04/21/2026 Books

© 2025, Kenya National Library Service | Designed & Maintained by Uvumbuzi Center